Ochoronjajmo pam`jat' narodnu (z pryvodu vydannja knyžky i nablyžennja perepysu v 2011 roci)

Bibliographic Details
Main Author: Kováč, Andrej, 1930-2015 (Author)
Format: Article
Language:Ukrainian
PhysicalDescription:Fotogr.
Subjects:

MARC

LEADER 00000nab a2200000 a 4500
001 vtls009316169
003 SK-MaSNL
005 20260426054240.0
008 080729c2008 xo wr p 000 c0ukr
015 |a SNBRB2008/07 
038 |a SVKPOCL 
040 |a SVKPO  |b slo  |c SVKPO  |e AACR2 
041 0 |a ukr 
044 |a xo  |c SK 
080 |a 908(048)  |2 2001 
080 |a 929 Rosocha  |2 2001 
100 1 |a Kováč, Andrej,  |d 1930-2015  |4 aut  |9 177702 
245 1 0 |a Ochoronjajmo pam`jat' narodnu  |b (z pryvodu vydannja knyžky i nablyžennja perepysu v 2011 roci)  |c Andrij Kovač 
300 |b Fotogr. 
600 3 7 |a Rosocha (rodina)  |2 svkpocl  |9 743576 
650 0 7 |a monografie  |2 svkpocl  |9 256509 
651 7 |a Blatné Remety (Slovensko)  |2 svkpocl  |9 31534 
651 7 |a Slovensko východné  |2 svkpocl  |9 161134 
655 7 |a recenzie  |2 svkpocl  |9 21907 
773 0 |t Nove žyttja  |g Roč. 58, č. 9-10 (2008), s. 3 
787 0 8 |i Rec.:  |a Rosocha, Ladislav-Vysiľ  |t Rosocha - rodina a jej história  |d Košice : Typopress, 2007  |z 9788089089543 
852 |a SVKPO  |b KIS3GCP 
958 |a UK 
958 |a SK 
958 |a RN 
958 |a RC 
999 |c 2136236  |d 2138166